|
|
|
|
| LEADER |
00000nam a2200000 a 4500 |
| 001 |
vtls008307078 |
| 003 |
SK-MaSNL |
| 005 |
20260224131641.0 |
| 008 |
160624s xo u 000 0 slo |
| 015 |
|
|
|a SNBN2013
|
| 040 |
|
|
|a SNK
|b slo
|c SNK
|e AACR2
|
| 041 |
0 |
|
|a slo
|
| 245 |
0 |
0 |
|a STN EN ISO 8106 Sklené obaly. Stanovenie objemu gravimetrickou metódou. Skúšobná metóda
|
| 260 |
|
|
|a Bratislava
|b Slovenský ústav technickej normalizácie
|c 2005
|
| 300 |
|
|
|a 8 s.
|
| 999 |
|
|
|c 1018821
|d 1020751
|
| 952 |
|
|
|a SNK
|b SNK
|y PREZ
|7 0
|p 17A0487574
|o snkSTN EN ISO 8106
|i snk2005/18451
|8 0
|0 0
|1 0
|4 0
|d 2005-11-03
|l 0
|r 2026-02-24 13:16:41
|w 2026-02-24
|
| 952 |
|
|
|a SNK
|b SNK
|y PREZ
|7 0
|p 17A0487575
|o snkSTN EN ISO 8106 D1
|i snk2005/18453
|8 0
|0 0
|1 0
|4 0
|d 2005-11-03
|l 0
|r 2026-02-24 13:16:41
|w 2026-02-24
|